| 000 | 00653nam a2200253 b 4500 | ||
|---|---|---|---|
| 001 | 0994562 | ||
| 003 | DO-SdBNP | ||
| 005 | 20180221152504.0 | ||
| 007 | 0994562 | ||
| 008 | 980922s19uu lo ||| ||eng | ||
| 016 | 7 |
_a _2BPMSU |
|
| 017 |
_a _b |
||
| 020 | _a0743205957 | ||
| 035 | _a | ||
| 040 |
_aBPMSU _bspa _cBPMSU _e |
||
| 080 | 0 | _a | |
| 100 | 1 |
_aPotter, Beatrix _d1866-1943 |
|
| 245 | 1 | 4 |
_aThe tale of Benjamin bunny / _h _cBeatrix Potter |
| 260 |
_aLondon : _bFrederick Warne, _c[190?] _e _f |
||
| 300 |
_a61 p. : _bil.; _c14 cm |
||
| 942 |
_2ddc _cBK |
||
| 945 | _aInventariado, 2018 / BT | ||
| 956 |
_a VMATEO _210 _320160425 _6BPMSU _80069 |
||
| 999 |
_c9908 _d9908 |
||